00345nam a22001097a 4500020002200000082001800022100001700040245008000057260003900137300000800176650005100184 a978-93-515-0072-8 a322.10954 QAD aQadir, Altaf aSayyid Ahmad Barailvi: His Movement and Legacy from the Pukhtun Perspective aNew DelhibSage Publicationsc2015 a224 aSayyid Ahmed ShaheedaIslamic Renewal-Pakistan